书目信息

书名: 图解化学 
作者: 戴姆伯斯 Dempsey 著 ;文刀
出版信息: 北京   科学普及出版社  1987.07
开本页数: 19cm  281页
丛书名:
单 册:
中图分类: O6
科图分类:
主题词: 普通化学--图解
电子资源:
ISBN:
000 00715nam0 2200265 45
001 0000116963
005 20060225150543.12
010    @dCNY1.85
091    @aCN@b7051.1072
100    @a19900808d1987 em y0chiy0121 ea
101 @achi@ceng
102    @aCN@b110000
105    @af z 000yy
200 10 @a图解化学@Atu jie hua xue@f(英)戴姆伯斯(Dempsey,T.)著@g文刀译
210    @a北京@c科学普及出版社@d1987.07
215    @a281页@c图@d19cm
517 @a化学@Ahua xue
606    @a普通化学@x图解
690    @aO6@v3
701  1 @a戴姆伯斯@Adai mu bo si@bT.@4著
701 A1 @aDempsey@bT.@4著
702  0 @a文刀@Awen dao@4译
801  2 @aCN@bNLC@c20060225
801  0 @aCN@b深圳图书馆
905    @a10447@dO6@e292
    
    图解化学/(英)戴姆伯斯(Dempsey,T.)著/文刀译.-北京:科学普及出版社,1987.07
    281页:图;19cm
    
    
    ISBN :CNY1.85
    
相关链接 在五车中查询图书 在当当中查询图书 在豆瓣中查询图书


正题名:图解化学     索取号:O6/292         预约/预借

序号 登录号 条形码 馆藏地/架位号 状态 备注
1 70422   200704229   海科密-1楼/47架10列5层/ [索取号:O6/292] 在馆    
2 70423   200704238   海科密-1楼/47架10列1层/ [索取号:O6/292] 在馆